| 000 | 00948cam a2200301 i 4500 | ||
|---|---|---|---|
| 001 | 200440025 | ||
| 003 | TR-AnTOB | ||
| 005 | 20260108144727.0 | ||
| 007 | ta | ||
| 008 | 790711s1963 gw 000 0 ger d | ||
| 010 | _a 65070732 | ||
| 035 | _a(OCoLC)5157735 | ||
| 040 |
_aDLC _beng _erda _cFU-L _dTR-AnTOB |
||
| 041 | 0 | _ager | |
| 050 | 0 | 0 |
_aKK2743 _b.K778 1963 |
| 090 |
_aTOBBK KK2743 _b.K778 1963 |
||
| 100 | 1 |
_aKrumme, Walter _eauthor _9129618 |
|
| 245 | 1 | 0 |
_aPatentpraxis in der Industrie; _bBeispiele zur Einführung in das patentrechtliche Denken / _cWalter Krumme. |
| 264 | 1 |
_aMünchen : _bCarl Hanser Verlag, _c1963. |
|
| 300 |
_a95 pages : _billustrations ; _c18 cm |
||
| 336 |
_atext _btxt _2rdacontent |
||
| 337 |
_aunmediated _bn _2rdamedia |
||
| 338 |
_avolume _bnc _2rdacarrier |
||
| 650 | 0 |
_aPatent practice _zGermany (West) _9151706 |
|
| 942 |
_2z _cBK |
||
| 999 |
_c200440025 _d58237 |
||